| 000 | 00575nam a2200205 a 4500 | ||
|---|---|---|---|
| 001 | 59236 | ||
| 003 | BD-RjUL | ||
| 005 | 20211209080716.0 | ||
| 008 | 161222s1956 nyu d 000 0 eng d | ||
| 035 | _a(BD-RjUL)59360 | ||
| 040 |
_aBKL _cBD-RjUL _dBD-RjUL _beng |
||
| 041 | _aeng | ||
| 082 |
_a130.3 _bWED 1956 _223 |
||
| 100 | 1 |
_aWedeck Harry E. _9176178 |
|
| 245 | 1 | 0 |
_aDictionary of the Occult / _cHarry E. Wedeck |
| 260 |
_aNew York : _bPhilosophical Library, _cc 1956 |
||
| 300 |
_a[2], 94 p. ; _c19 cm. |
||
| 650 | 0 |
_aOccultism _vDictionaries. _9176179 |
|
| 942 |
_2ddc _cREF |
||
| 999 |
_c59236 _d59236 |
||